| 000 | 00507nam a2200193 4500 | ||
|---|---|---|---|
| 001 | 135808 | ||
| 003 | ES-MaACL | ||
| 007 | t| | ||
| 008 | 070214s1953 sp r ||||1| spa d | ||
| 100 | 1 |
_aRuiz Ayúcar, Angel. _9100662 |
|
| 245 | 1 | 3 |
_aLa Sierra en llamas / _cAngel Ruiz Ayúcar. |
| 250 | _a1ª ed. | ||
| 260 |
_aBarcelona : _bLuis de Caralt, _c1953. |
||
| 300 |
_a208 p. ; _c20 cm. |
||
| 490 | 1 | _aGigante | |
| 830 | 0 |
_aGigante _9181050 |
|
| 852 |
_aES-MaACL _jC-5927 _bR.34079 |
||
| 999 |
_c135808 _d135808 |
||